| 000 | 01226cam a2200373 i 4500 | ||
|---|---|---|---|
| 001 | 21750295 | ||
| 003 | OSt | ||
| 005 | 20230703162658.0 | ||
| 008 | 201013s2021 enk b 001 0 eng | ||
| 010 | _a 2020947871 | ||
| 020 |
_a9780198869962 _q(paperback) |
||
| 040 |
_aDLC _beng _erda _cDLC |
||
| 042 | _apcc | ||
| 043 | _ae-uk-en | ||
| 050 | 0 | 0 |
_aKD7869.6 _b.C475 2021 |
| 082 |
_a345 _bSMI |
||
| 100 | 1 |
_aChild, John _q(John J.), _eauthor. |
|
| 245 | 1 | 0 |
_aCriminal Law _cJohn Child, David Ormerod, QC. |
| 246 | 1 | 4 | _aCriminal law |
| 246 | 3 | 0 | _aEssentials of criminal law |
| 250 | _aFourth edition. | ||
| 264 | 1 |
_aOxford, United Kingdom : _bOxford University Press, _c[2021] |
|
| 300 |
_axxxiv, 663 pages ; _c25 cm |
||
| 336 |
_atext _btxt _2rdacontent |
||
| 337 |
_aunmediated _bn _2rdamedia |
||
| 338 |
_avolume _bnc _2rdacarrier |
||
| 504 | _aIncludes bibliographical references and index. | ||
| 650 | 0 |
_aCriminal law _zEngland. |
|
| 700 | 1 |
_aOrmerod, David, _d1966- _eauthor. |
|
| 700 | 1 |
_aSmith, J. C. _q(John Cyril), _eauthor. |
|
| 906 |
_a7 _bcbc _corigcop _d2 _eepcn _f20 _gy-gencatlg |
||
| 942 |
_2ddc _cBK |
||
| 999 |
_c3509 _d3509 |
||